| 000 | 00499nam a2200169Ia 4500 | ||
|---|---|---|---|
| 003 | IN-BaIIA | ||
| 008 | 211028s9999 xx 000 0 eng d | ||
| 040 | _cIIA Library | ||
| 080 |
_a523.46 _bALE |
||
| 100 |
_aAlexander, A. F. O'D _93847 |
||
| 245 | 4 |
_aThe planet saturn _c A. F. O'D Alexander |
|
| 260 |
_aLondon _bFaber and Faber _c1962 |
||
| 300 | _a474p. | ||
| 650 | _aAstronomy and astrophysics thesaurus | ||
| 650 |
_aPlanets-saturn _93848 |
||
| 942 | _cBK | ||
| 999 |
_c2041 _d2041 |
||